Statistics for X-Men Characters

Click here to take the quiz!

General Stats

  • This quiz has been taken 2,927 times
    (2,921 since last reset)
  • The average score is 12 of 14

Answer Stats

HintAnswer% Correct
Can shoot lasers through his eyesCyclops
96%
Controls metal objects, profesor X's ex-partnerMagneto
96%
She controls the weatherStorm
96%
Heals quickly and his bones are made of AdamantiumWolverine
96%
Blue fur ball with an attitudeBeast
95%
She is also telekinetic, but later turns into the PheonixJean Grey
95%
He can control things with is mind; leader of the X-MenProfesor X
93%
can freeze anything around him and can turnhimself into iceIceman
91%
She absorbs and sometimes also removes the memories, physical strength, and (in the case of superpowered persons) the abilities of anyone she touches.Rogue
88%
Man with WingsAngel
87%
Son of Mystique and Azazel, can teleportNight crawler
83%
Big strong man who wears a helmetJuggernaut
76%
Wolverine's BrotherSabertooth
69%
also known as the tin manColossus
68%

Score Distribution

Percentile by Number Answered

Percent of People with Each Score

Your Score History

You have not taken this quiz since the last reset